000 00483nam a2200193Ia 4500
005 20240823022141.0
008 240823s9999||||xx |||||||||||||| ||und||
020 _a81-219-2000-0
041 _aENGLISH
082 _A621.382 P0
100 _a"Schwartz,Mischa et al."
245 0 _aCommunication Systems and Techniques
250 _a1st
260 _c2000
_bS chand New D
_aNew Delhi
500 _aYES
650 _aCommunication
_bElectronics
942 _cBK
999 _c178474
_d178474